Le rondini di Tunisi /

Saved in:
Bibliografiske detaljer
Hovedforfatter: Golinelli, Alessandro (Author)
Format: Bog
Sprog:italiensk
Udgivet: Milano : M. Tropea, [2005]
Serier:Le gaggie
Tags: Tilføj Tag
Ingen Tags, Vær først til at tagge denne postø!

MARC

LEADER 00000nam a2200000 i 4500
001 IT\ICCU\LO1\0919672
003 ItRI
005 20250723114311.0
008 050421s2005 it |||||| ||||| |||||c
015 |2 IT  |a 2005-5552 
020 |a 8843804367 
040 |b ita  |c C 
041 7 |a ita  |2 ISO-639-2 
082 |a 853.914  |2 21 
100 1 |a Golinelli, Alessandro  |0 IT\ICCU\RAVV\071142  |4 aut 
245 1 3 |a Le rondini di Tunisi /  |c Alessandro Golinelli. 
260 |a Milano :  |b M. Tropea,  |c [2005] 
300 |a 253 p. ;  |c 22 cm. 
830 3 |a Le gaggie  |0 IT\ICCU\RAV\0266305 
942 |2 ddc  |c BK 
952 |0 0  |1 0  |2 ddc  |4 0  |6 146_853_914000000000000_GOL_RON  |7 1  |9 932  |a MO  |b MO  |d 2024-03-07  |l 0  |o [146] 853.914 GOL RON  |p 9107  |r 2024-03-07 14:42:47  |w 2024-03-07  |y BK 
952 |0 0  |1 0  |2 ddc  |4 0  |6 853_914000000000000_GOL_LER  |7 1  |9 2395  |a RN  |b RN  |d 2024-12-27  |l 0  |o 853.914 GOL LER  |p 9848  |r 2024-12-27 10:51:18  |w 2024-12-27  |y BK 
952 |0 0  |1 0  |2 ddc  |4 0  |6 853_914000000000000_GOL_LER  |7 1  |9 3454  |a RN  |b RN  |d 2025-02-24  |l 0  |o 853.914 GOL LER  |p 10713  |r 2025-02-24 23:48:49  |w 2025-02-24  |x DONAZIONE DI GIOVANNI RIMONDINI  |y BK  |z DONAZIONE DI GIOVANNI RIMONDINI 
952 |0 0  |1 0  |2 ddc  |4 0  |6 B_LNR02GOLALRON13  |7 0  |9 5082  |a MI  |b MI  |d 2012-11-19  |i 5898  |l 0  |o B-LNR02-GOLAL-RON13  |p CDOM5898  |r 2025-07-13 16:27:52  |w 2025-07-13  |x DONO  |y BK 
952 |0 0  |1 0  |2 ddc  |4 0  |6 B_LNR02GOLALRON11  |7 1  |9 5083  |a MI  |b MI  |d 2005-06-08  |i 4904  |l 0  |o B-LNR02-GOLAL-RON11  |p CDOM4904  |r 2025-07-13 16:27:52  |w 2025-07-13  |x DONO  |y BK 
952 |0 0  |1 0  |2 ddc  |4 0  |6 B_LNR02GOLALRON12  |7 0  |9 5084  |a MI  |b MI  |d 2005-06-17  |i 4905  |l 0  |o B-LNR02-GOLAL-RON12  |p CDOM4905  |r 2025-07-13 16:27:52  |w 2025-07-13  |x DONO  |y BK 
981 1 |6 z01  |a i   |b xxxe  
982 1 |6 z01  |a n 
999 |c 877  |d 877